000 00405nam a22001577a 4500
005 20260331124752.0
008 260331b |||||||| |||| 00| 0 eng d
041 _aeng
082 _a343.5407 BAR-C
100 _aBARE ACT
245 _aTHE COMPETITION ACT, 2002 [ 12 OF 2003]
260 _aDELHI
_bPROFESSIONAL BOOK PUBLICATION
_c2026
300 _a280;P
650 _aLEGAL STUDIES
_98608
942 _cBK
999 _c9107
_d9105